|
|
|
|
| LEADER |
01567nam a2200265 i 4500 |
| 003 |
GR-PaULI |
| 005 |
20220608083536.0 |
| 008 |
210922s2011 gr g 000 0 gre d |
| 952 |
|
|
|0 0
|1 0
|2 ddc
|4 0
|6 949_507000000000000_4_ΚΑΙ
|7 1
|9 328750
|a LISP
|b LISP
|c DON
|d 2021-09-22
|e ΨΥΧ
|i 253321
|l 0
|o 949.507 4 ΚΑΙ
|p 025000286578
|r 2021-09-22 00:00:00
|t 1
|w 2021-09-22
|y BKN
|
| 952 |
|
|
|0 0
|1 0
|2 ddc
|4 0
|6 949_507000000000000_4_ΚΑΙ
|7 0
|9 360976
|a LISP
|b LISP
|c DON
|d 2022-06-08
|e ΠΑΤ
|i 252880
|l 0
|o 949.507 4 ΚΑΙ
|p 025000285809
|r 2022-06-08 00:00:00
|t 2
|w 2022-06-08
|y BKN
|
| 952 |
|
|
|0 0
|1 0
|2 ddc
|4 0
|6 949_507000000000000_4_ΚΑΙ
|7 0
|9 382199
|a LISP
|b LISP
|c DON
|d 2024-07-19
|e ΜΑΡ
|i 367270
|l 0
|o 949.507 4 ΚΑΙ
|p 025000311648
|r 2024-07-19 00:00:00
|t 3
|w 2024-07-19
|y BKN
|
| 999 |
|
|
|c 184146
|d 184146
|
| 020 |
|
|
|a 9789604699049
|
| 040 |
|
|
|a GR-PaULI
|b gre
|c GR-PaULI
|e AACR2
|
| 082 |
0 |
4 |
|a 949.507 4
|2 23
|
| 100 |
1 |
|
|9 187624
|a Καινούργιος, Χρήστος Δ.
|e συγγραφέας.
|
| 245 |
1 |
4 |
|a Στα άδυτα του εμφυλίου :
|b στρατόπεδα ; Ρουμπίκ και Μπούλκες /
|c Χρήστος Δ. Καινούργιος.
|
| 260 |
|
|
|a Αθήνα :
|b Βήμα,
|c 2011.
|
| 300 |
|
|
|a 228 σ. ;
|c 20 εκ.
|
| 490 |
1 |
|
|a Ο εμφύλιος στον α' ενικό ;
|v 13
|
| 651 |
|
4 |
|9 5071
|a Ελλάδα
|x Ιστορία
|y Εμφύλιος πόλεμος, 1944-1949
|
| 700 |
1 |
|
|9 187626
|a Γιαμαρέλλος, Χρήστος
|e επιμελητής.
|
| 830 |
|
2 |
|9 187576
|a Ο εμφύλιος σε α' ενικό ;
|v 13
|
| 942 |
|
|
|2 ddc
|c BK
|
| 998 |
|
|
|c Σαλαμούρα
|d 2021-09
|